000
00212nam a22000857a 4500
008
170626b xxu||||| |||| 00| 0 eng d
100
_9
3677
_a
CBSE
245
_a
Social science with extra 2020
260
_a
New Delhi
_c
2002
999
_c
7092
_d
7092